000 00730nam a2200265Ia 4500
003 OSt
005 20220926034835.0
006 a|||||r|||| 00| 0
007 ta
008 220923b |||||||| |||| 00| 0 eng d
020 _a089789846X
037 _cGeneral Book
040 _aRTL
_cRTL
_beng
041 _2eng
_aeng
082 _aY9(L), P3
100 _aBaer Hans A, and others
_9341267
245 0 _aMedical anthropology and the world system
250 _a2
260 _aWestport
_bPrarger
_c2003
300 _avii, 429p
_ccm.
500 _aBibiliography : P 383-424
650 _aSociology of Medicine
942 _hY9(L), P3
_cGB
_2CC
999 _c660514
_d660514